| 000 | 01889nam a22003617a 4500 | ||
|---|---|---|---|
| 003 | DO-SdBNP | ||
| 005 | 20260305073952.0 | ||
| 007 | ta | ||
| 008 | 221114b2022 dr ||||| |||| 00| 0 spa d | ||
| 020 | _a9789945930757 | ||
| 040 |
_aDO-SdBNP _bspa _cBNPHU _erda |
||
| 041 | _aspa | ||
| 082 | 4 |
_a972.9304 _bM938d 2022 _222 |
|
| 100 | 1 |
_aMoya Pons, Frank, _d1944- _eautor _4aut. _92095 |
|
| 245 | 1 | 3 |
_aLa dominación haitiana 1822-1844 / _cFrank Moya Pons. |
| 250 | _aQuinta edición | ||
| 264 | 4 |
_aSanto Domingo, República Dominicana : _bAcademia Dominicana de la Historia, _c©2022. |
|
| 300 |
_a214 páginas ; _c23 cm. |
||
| 336 |
_atexto _btxt _2rdacontent |
||
| 337 |
_asin mediación _bn _2rdamedia |
||
| 338 |
_avolumen _bnc _2rdacarrier |
||
| 490 |
_aColección Academia Dominicana de la Historia _v164 |
||
| 500 | _aIncluye índice de nombres, lugares y materias. | ||
| 500 | _aIncluye bibliografía y notas al pie de las páginas. | ||
| 500 | _aEdición conmemorativa del 50 aniversario de su publicación y el 90 aniversario de la fundación de la Academia Dominicana de la Historia | ||
| 504 | _aBibliografía : p. 185-188 | ||
| 505 | 0 |
_aPrefacio -- _tLa invasión de Boyer (1820-1822) -- _tLa cuestión de la tierra (1822-1825) -- _tDeuda pública, crisis económica y oposición política (1826-1834) -- _tLa caída de Boyer: conspiración y reforma (1834-1843) -- _tEl fin de la dominación haitiana (1843-1844) -- _gApéndices: Proclama al Pueblo de Juan Pedro Boyer, Presidente de Haití, 9 de febrero de 1822 -- _gBibliografía -- _gÍndice de nombres, lugares y materias. |
|
| 590 | _aInventariado, 2022/BT | ||
| 651 | 4 |
_aRepública Dominicana _xHistoria _yOcupación haitiana 1822-1844 _97666 |
|
| 651 | 4 |
_aRepública Dominicana _xPolítica y gobierno _yOcupaciión haitiana1822-1844 _954469 |
|
| 910 | _aBtavárez/Validado. Control de calidad MFF | ||
| 942 |
_2ddc _cLBS1 |
||
| 999 |
_c52917 _d52917 |
||